Primados de la Iglesia Católica - Estadísticas

Estadísticas generales
  • Esta prueba ha sido intentada 18 veces
  • La puntuación promedio es 14 de 30
Estadísticas de respuestas
Título Arquidiócesis % Correcto
Primado de Irlanda Dublín
91%
Primado de Perú Lima
91%
Primado de España Toledo
91%
Primado de Colombia Bogotá
82%
Primado de México México
82%
Primado de Ecuador Quito
82%
Primado de Italia Roma
82%
Primado de Hungría Estrigonia-Budapest
73%
Primado checo Praga
73%
Primado de Guatemala Guatemala
64%
Primado de Bélgica Malinas-Bruselas
64%
Primado de Cuba Santiago de Cuba
64%
Primado de Argentina Santiago de Estero
64%
Primado de las Galias Lyon
55%
Primado de Sicilia Palermo
55%
Primado de Bolivia Sucre
55%
Primado de Serbia Bar
45%
Primado de Canadá Quebec
45%
Primado de Indias Santo Domingo
45%
Primado de Brasil San Salvador de Bahía
27%
Primado de las Españas Tarragona
27%
Primado de Lorena Nancy-Toul
18%
Primado de Inglaterra y Gales Westminster
18%
Primado de toda Irlanda Armagh
9%
Primado de las Españas Braga
9%
Primado de Oriente Goa y Damán
9%
Primado de Cerdeña Pisa
9%
Primado de Germania Salzburgo
9%
Primado de Polonia Gniezno
0%
Primado de Normandía Ruan
0%
No se encontraron pruebas coincidentes
Distribución de puntuación
Porcentaje de gente con cada puntuación
Porcentaje por número respondido
Historial de tus puntuaciones
No has intentado esta prueba.